| 000 | 01258cam a22003977a 4500 | ||
|---|---|---|---|
| 003 | CHAP | ||
| 005 | 20220817043443.0 | ||
| 008 | 980610d1995 it a r 00110 eng d | ||
| 010 | _a75762 | ||
| 011 | _a76734 | ||
| 020 | _a9251035970 | ||
| 035 | _a86321 | ||
| 040 | _cCHAP | ||
| 082 | 0 | 4 |
_a639.2 _bF3 v.343 |
| 110 | 2 | _aFAO | |
| 245 | 1 | 0 |
_aFarm-made aquafeeds _c/ed. by Michael B. New, Albert G. J. Tacon and Imre Csavas |
| 260 |
_aRome : _bFAO, _c1995. |
||
| 300 |
_a434 p. : _bilus. ; gráfs. ; cuadros |
||
| 410 | 2 | 1 | _aFAO |
| 490 | 0 |
_aDocumento técnico de pesca _v; 343 |
|
| 590 |
_aBATCH-UPD _b10 _c20130110 _lUCH01 _h0444 |
||
| 590 |
_aBATCH-UPD _b10 _c20130110 _lUCH01 _h2324 |
||
| 590 |
_aBATCH-UPD _b10 _c20130410 _lUCH01 _h0120 |
||
| 590 |
_aBATCH-UPD _b10 _c20130914 _lUCH01 _h1107 |
||
| 590 |
_aCONVERSION _b10 _c20130109 _lUCH01 _h1341 |
||
| 650 | 1 | 4 |
_aPeces _xAlimentación. _986442 |
| 700 | 0 |
_aCsavas, Imre _eed. _929677 |
|
| 700 | 0 |
_aNew, Michael B. _981052 |
|
| 700 | 0 |
_aTacon, Albert G. J. _eed. _9111322 |
|
| 810 | 0 | _aFAO | |
| 830 | 0 | 0 |
_aDocumento técnico de pesca _v; 343 _933242 |
| 901 | _aBK | ||
| 905 | _aLilia Sánchez G. | ||
| 942 | _cLIBRO | ||
| 949 |
_a639.2 F3 v.343 _bBC _cFAO _d33724000694030 _eFAO1 _h93467 _i86321 _kDonaciØn _sb |
||
| 999 |
_c75762 _d75762 |
||